00716nam a2200169 a 450000100100000000500170001000800410002704000250006808200150009310000290010824500670013726000450020430000210024950400730027095201860034399900170052900003522720200930074205.0111026s1945 pr 000 0 spa d aDO-SdBNPbspacBNPHU axxxxbxxxx1 aGontan, José A.96097810aHistoria político-social de Puerto Rico /cJosé A. Gontan. aSan Juan, Puerto Rico, :bEsther,c1945. a330 p. ;c22 cm. aIncluye referencias bibliográficas y notas al pie de las páginas 001050718RVaGRbGRcHDd2011-10-26iLF1l0oxxxx xxxxp35227-10r2020-06-25w2020-06-25y1zPerteneció a la biblioteca personal de Juan Isidro Jimenes Grullón.ZNo se presta c34718d34718